[Event "FRA-chT2 East 0607"]
[Site "France"]
[Date "2007.03.18"]
[Round "9.8"]
[White "Mangone, Laura"]
[Black "Cechetto, Lea"]
[Result "0-1"]
[WhiteElo "1380"]
[BlackElo "1770"]
[PlyCount "44"]
[EventDate "2006.10.15"]
[EventType "team"]
[EventRounds "11"]
[EventCountry "FRA"]
[SourceTitle "EXT 2008"]
[Source "ChessBase"]
[SourceDate "2007.11.25"]
[SourceVersion "1"]
[SourceVersionDate "2007.11.25"]
[SourceQuality "1"]
[WhiteTeam "Gueugnon"]
[BlackTeam "Belfort"]
[WhiteTeamCountry "FRA"]
[BlackTeamCountry "FRA"]

1. e4 e5 2. Nf3 Nc6 3. Bc4 Bc5 4. 0-0 Nf6 5. Nc3 d6 6. h3 Bd7 7. d3 a6 8. Re1 h6 9. Nd5 Nxd5 10. Bxd5 Qf6 11. Bxc6 Bxc6 12. Be3 Bxe3 13. Rxe3 0-0-0 14. Nd2 g5 15. Rf3 Qg6 16. Nb3 h5 17. Kh2 Bd7 18. Qd2 g4 19. Rg3 h4 20. Re3 gxh3 21. gxh3 Rdg8 22. Rg1 Qxg1# 0-1